A quiet violence : (Record no. 7879)
[ view plain ]
| 000 -LEADER | |
|---|---|
| fixed length control field | 00913nam a2200289 a 4500 |
| 001 - CONTROL NUMBER | |
| JCCL Control Number | 7879 |
| 003 - CONTROL NUMBER IDENTIFIER | |
| JCCL marc code | BD-JhCC |
| 005 - DATE AND TIME OF LATEST TRANSACTION | |
| control field | 20180215092306.0 |
| 008 - FIXED-LENGTH DATA ELEMENTS--GENERAL INFORMATION | |
| fixed length control field | 840928s1983 enka b 000 0 eng |
| 020 ## - INTERNATIONAL STANDARD BOOK NUMBER | |
| International Standard Book Number | 0935028161 (Zed) |
| 035 ## - SYSTEM CONTROL NUMBER | |
| system control number | (BD-JhCC)7879 |
| 040 ## - CATALOGING SOURCE | |
| Original cataloging agency | DLC |
| Transcribing agency | DLC |
| Modifying agency | DLC |
| -- | BD-JhCC |
| 041 ## - LANGUAGE CODE | |
| Language code of Book | eng |
| 050 00 - LIBRARY OF CONGRESS CALL NUMBER | |
| Classification number | HN690.6.A8 |
| Item number | H37 1983 |
| 082 00 - DEWEY DECIMAL CLASSIFICATION NUMBER | |
| Classification number | 954.9/2 |
| DDC Edition number | 19 |
| Author mark and Year | HAR 1983 |
| 100 1# - MAIN ENTRY--PERSONAL NAME | |
| Personal name | Hartmann, Betsy. |
| 245 12 - TITLE STATEMENT | |
| Title | A quiet violence : |
| Remainder of title | view from a Bangladesh village / |
| Statement of responsibility, etc | Betsy Hartmann and James K. Boyce. |
| 260 ## - PUBLICATION, DISTRIBUTION, ETC. (IMPRINT) | |
| Place of publication, distribution, etc | London : |
| Name of publisher, distributor, etc | Zed Press ; |
| Place of publication, distribution, etc | San Francisco, CA : |
| Name of publisher, distributor, etc | Institute for Food and Development Policy, |
| Date of publication, distribution, etc | 1983. |
| 300 ## - PHYSICAL DESCRIPTION | |
| Pagination | xi, 285 p. : |
| Other physical details | ill. ; |
| Dimensions | 23 cm. |
| 440 #0 - | |
| Title | Third World studies |
| 504 ## - BIBLIOGRAPHY, ETC. NOTE | |
| Bibliography, etc | Includes bibliographical references. |
| 650 #0 - SUBJECT ADDED ENTRY--TOPICAL TERM | |
| Topical term or geographic name as entry element | Villages |
| Geographic subdivision | Bangladesh. |
| 651 #0 - SUBJECT ADDED ENTRY--GEOGRAPHIC NAME | |
| Geographic name | Bangladesh |
| General subdivision | Rural conditions. |
| 700 1# - ADDED ENTRY--PERSONAL NAME | |
| Personal name | Boyce, James K. |
| 942 ## - ADDED ENTRY ELEMENTS (KOHA) | |
| Source of classification or shelving scheme | Dewey Decimal Classification |
| Koha item type | Books |
| Source of classification or shelving scheme | Damaged status | Not for loan | Home library | Current library | Shelving location | Total Checkouts | Full call number | Barcode | Date last seen | Copy number | Koha item type |
|---|---|---|---|---|---|---|---|---|---|---|---|
| Dewey Decimal Classification | JCC Rouf Library | JCC Rouf Library | General Stacks | 954.9/2 HAR 1983 | 10507 | 02/15/2018 | C - 1 | Books |